Implications of population growth on development... : book 4

Bibliographic Details
Corporate Authors: Asia-Pacific Institute for Broadcasting Development, Press Foundation of Asia, Unesco
Format: Book
Published: Manila : Press Foundation of Asia , 1979
Subjects:

MARC

LEADER 00000cam a2200000 7i4500
001 0000004810
005 20021118093000.0
008 021118n
050 0 0 |a HB850.3   |b .I4 
090 0 0 |a HB850.3   |b .I4 (j4) 
245 0 0 |a Implications of population growth on development... :   |b book 4   |c developed by Press Foundation of Asia, Asia-Pacific Institute for Broadcasting Development, Unesco Regional Population Communication Unit 
260 2 |a Manila :   |b Press Foundation of Asia ,   |c 1979 
300 |a 79 p. ; ;   |c 22 cm. 
650 0 |a Demography 
650 0 |a Population 
651 0 |a Asia   |x Population 
710 0 0 |a Asia-Pacific Institute for Broadcasting Development 
710 0 0 |a Press Foundation of Asia 
710 0 0 |a Unesco. ,   |c Regional Population Unit 
999 |a 1000004522   |b Book   |c OPEN SHELF (30 DAYS)   |e Gong Badak Campus